| 000 | 01939cam a2200361 a 4500 | ||
|---|---|---|---|
| 001 | 14996218 | ||
| 005 | 20170105102910.0 | ||
| 008 | 070906s2007 nyua b 001 0deng | ||
| 010 | _a 2007280131 | ||
| 020 | _a9780743272247 (pbk.) | ||
| 020 | _a0743272242 (pbk.) | ||
| 040 |
_aDLC _cDLC _dDLC |
||
| 043 | _an-us--- | ||
| 050 | 0 | 0 |
_aE903.3 _b.W67 2007 |
| 082 | 0 | 0 |
_a973.931092 _222 |
| 100 | 1 |
_aWoodward, Bob, _d1943- |
|
| 245 | 1 | 0 |
_aState of denial / _cBob Woodward. |
| 250 | _a1st Simon & Schuster trade pbk. ed. | ||
| 260 |
_aNew York : _bSimon & Schuster Paperbacks, _c2007. |
||
| 300 |
_axiv, 560 p. : _bill. ; _c22 cm. |
||
| 500 | _a"Bush at war, part III"--Cover. | ||
| 504 | _aIncludes bibliographical references (p. 494-522) and index. | ||
| 520 | _aA secret Pentagon assessment sent to the White House in May 2006 forecasted a more violent 2007 in Iraq, contradicting the repeated optimistic statements of President Bush. This book examines how the Bush administration avoided telling the truth about Iraq to the public, to Congress, and often to themselves. In this detailed inside story of a war-torn White House, Woodward answers the core questions: What happened after the invasion of Iraq? Why? How does Bush make decisions and manage a war that he chose to define his presidency? And is there an achievable plan for victory?--From publisher description. | ||
| 600 | 1 | 0 |
_aBush, George W. _q(George Walker), _d1946- |
| 650 | 0 |
_aNational security _zUnited States _xDecision making. |
|
| 650 | 0 | _aIraq War, 2003-2011. | |
| 651 | 0 |
_aUnited States _xMilitary policy _xDecision making. |
|
| 651 | 0 |
_aUnited States _xOfficials and employees. |
|
| 856 | 4 | 2 |
_3Publisher description _uhttp://www.loc.gov/catdir/enhancements/fy0801/2007280131-d.html |
| 906 |
_a7 _bcbc _corigcop _d1 _encip _f20 _gy-gencatlg |
||
| 942 |
_2ddc _cBK |
||
| 999 |
_c15077 _d15077 |
||